00361nam a2200121Ia 4500008004100000082001400041100002200055245004100077260003300118365000600151630004100157730004100198100415s9999 xx 000 0 und d b6495a574 aThomson J Arthur aThe New Natural History : Vol. Three aLONDONc0bGEORGE NEWNES LTD b0 aThe New Natural History : Vol. Three aThe New Natural History : Vol. Three